000 00550nam a2200205Ia 4500
005 20260429111854.0
008 260429s9999||||xx |||||||||||||| ||und||
020 _a9781718208285
041 _aEnglish
082 _a617.1027
_bPOT
100 _aPotach, David
245 0 _aSport injury prevention anatomy /
_cDavid Potach
260 _aUnited States :
_bHuman kinetics,
_c2023.
300 _ax, 220 p.; pbk
650 _a Injury prevention
650 _a Sports medicine
650 _aHuman anatomy
700 _a Meira, Erik
942 _cTB
999 _c51222
_d51222